Countries part of Great Moravia - Statistics

General Stats
  • This quiz has been taken 93 times
  • The average score is 10 of 11
Answer Stats
Answer % Correct
Austria
100%
Czechia
100%
Slovakia
100%
Hungary
97%
Poland
97%
Germany
96%
Ukraine
94%
Slovenia
93%
Romania
91%
Croatia
87%
Serbia
87%
No matching quizzes found
Score Distribution
Percent of People with Each Score
Percentile by Number Answered
Your Score History
You have not taken this quiz